BSOP header

Revivals, awakenings, and reform : (Record no. 41749)

MARC details
000 -LEADER
fixed length control field 01032pam a2200325 4500
001 - CONTROL NUMBER
control field 3609721
005 - DATE AND TIME OF LATEST TRANSACTION
control field 20180502085515.0
008 - FIXED-LENGTH DATA ELEMENTS--GENERAL INFORMATION
fixed length control field 771223s1978 ilu- b o001 0 eng
010 ## - LIBRARY OF CONGRESS CONTROL NUMBER
LC control number 77-27830
020 ## - INTERNATIONAL STANDARD BOOK NUMBER
International Standard Book Number 0226560910
035 ## - SYSTEM CONTROL NUMBER
System control number ocl73609721
040 ## - CATALOGING SOURCE
Original cataloging agency DLC
Transcribing agency DLC
Modifying agency IYU
043 ## - GEOGRAPHIC AREA CODE
Geographic area code n-us---
049 ## - LOCAL HOLDINGS (OCLC)
Holding library IYUU
100 1# - MAIN ENTRY--PERSONAL NAME
Personal name McLoughlin, William G.
Fuller form of name (William Gerald),
Dates associated with a name 1922-1992.
245 10 - TITLE STATEMENT
Title Revivals, awakenings, and reform :
Remainder of title an essay on religion and social change in America, 1607-1977 /
Statement of responsibility, etc William G. McLoughlin.
260 ## - PUBLICATION, DISTRIBUTION, ETC. (IMPRINT)
Place of publication, distribution, etc Chicago :
Name of publisher, distributor, etc University of Chicago Press,
Date of publication, distribution, etc c1978.
300 ## - PHYSICAL DESCRIPTION
Extent xv, 239 p. :
Dimensions 21 cm.
336 ## - CONTENT TYPE
Content Type Term text
337 ## - MEDIA TYPE
Media Type Term unmediated
338 ## - CARRIER TYPE
Carrier Type Term volume
490 1# - SERIES STATEMENT
Series statement Chicago history of American religion.
500 ## - GENERAL NOTE
General note Includes index.
504 ## - BIBLIOGRAPHY, ETC. NOTE
Bibliography, etc Bibliography: p. 217-228.
650 #0 - SUBJECT ADDED ENTRY--TOPICAL TERM
Topical term or geographic name as entry element Revivals
Geographic subdivision United States.
651 #0 - SUBJECT ADDED ENTRY--GEOGRAPHIC NAME
Geographic name United States
General subdivision Church history.
651 #0 - SUBJECT ADDED ENTRY--GEOGRAPHIC NAME
Geographic name United States
General subdivision Civilization.
830 #0 - SERIES ADDED ENTRY--UNIFORM TITLE
Uniform title Chicago history of American religion.
942 ## - ADDED ENTRY ELEMENTS (KOHA)
Source of classification or shelving scheme Library of Congress Classification
Item type Books
Holdings
Withdrawn status Lost status Source of classification or shelving scheme Damaged status Not for loan Home library Current library Shelving location Date acquired Source of acquisition Inventory number Total Checkouts Full call number Barcode Date last seen Price effective from Koha item type
    Library of Congress Classification     BSOP Library BSOP Library GC 05/02/2018   40810   BV3773 M45 1978 00051810 05/02/2018 05/02/2018 Books
BSOP

Biblical Seminary of the Philippines
  All rights Reserved
  © 2024

CONTACT INFORMATION

Biblical Seminary of the Philippines,
  77-B Karuhatan Road, Valenzuela City,
  PHILIPPINES 1441
  Phone: +632 8292-6795 / 8292-6798
  Fax : +632 8292-6675
  Email: library@bsop.edu.ph